| 000 | 00403nam a2200157Ia 4500 | ||
|---|---|---|---|
| 008 | 140626s9999 xx 000 0 und d | ||
| 100 | _aMamamog, Margita. | ||
| 245 |
_aBanghay aralin sa Filipino / _cMargita Mamamog. |
||
| 260 | _cc2012. | ||
| 300 | _a61 : 7, page 278 | ||
| 440 | _aThe Modern Teacher | ||
| 521 | _aSPED | ||
| 650 | _aFilipino subjects. | ||
| 650 | _aHomeworkâs. | ||
| 942 | _cSE | ||
| 999 |
_c121000 _d121000 |
||